[Event "Moscow-ch Men 2020"]
[Site "Moscow"]
[Date "2020.09.15"]
[Round "3.3"]
[White "Apryshko, Gleb"]
[Black "Rostovtsev, Dmitry"]
[Result "1-0"]
[WhiteElo "2388"]
[BlackElo "1737"]
[Annotator "TA"]
[PlyCount "93"]
[EventDate "2020.09.15"]
[EventType "swiss"]
[EventCountry "RUS"]
[SourceTitle "playchess.com"]
[Source "ChessBase"]
[SourceQuality "1"]

{[%evp 11,93,4,11,3,13,26,19,-2,0,-39,-37,-26,16,-20,0,0,-3,-15,-15,-15,-20,-6,-4,-10,-4,-6,-14,-15,-10,-15,0,0,0,0,0,0,12,17,54,54,54,54,54,54,84,72,83,86,69,0,76,35,118,116,119,100,104,100,106,62,244,90,124,120,352,337,355,348,300,105,170,115,177,167,189,185,293,293,294,288,595,587,5052,5047]} 1. Nf3 Nf6 2. g3 g6 3. b3 Bg7 4. Bb2 O-O 5. c4 d6 6. d4 {[#]} e5 $1 {[%mdl 512]} 7. dxe5 {E60: King's Indian: Unusual lines and Fianchetto Variation without Nc3.} dxe5 {is recently more successful than 7...Ng4.} 8. Qxd8 Rxd8 9. Nxe5 {The position is equal.} Na6 10. Nc3 Nb4 $1 {[%cal Rb4c2][%mdl 1024] Black has compensation.} 11. Rc1 {[#]} Re8 $146 ({Predecessor:} 11... Bf5 12. Bg2 Nd7 13. g4 Bxe5 14. gxf5 Nxa2 15. Nxa2 Bxb2 16. Rb1 Ba3 17. fxg6 hxg6 18. Bxb7 {0-1 (46) Kurajica,B (2528)-Kozul,Z (2617) Mali Losinj 2017}) 12. a3 Na6 {[%cal Bb4a6,Ba6c5,Bc5d3,Bd3c1][%mdl 32]} 13. Na4 Ne4 14. Nd3 Nec5 15. Ndxc5 Nxc5 16. Bxg7 Nd3+ $1 {[%mdl 64] Double Attack} 17. Kd2 Nxc1 18. Bc3 $1 $132 {[%mdl 2048] White is fighting back} Nxb3+ 19. Kc2 {[#]} b5 $1 {[%cal Rb5a4]} 20. cxb5 Be6 {And now ...a6 would win.} 21. Bg2 Rab8 22. Bc6 $1 Red8 23. e3 $1 Rd6 24. Bb4 $1 Rxc6+ 25. bxc6 a5 26. Be7 $1 Bd5 27. Rd1 Be4+ 28. Kc3 {Hoping for Rd8+.} Bxc6 29. Nb2 Kg7 30. a4 ({White should play} 30. Rd8 $14 Rb7 31. Nd3) 30... Bf3 (30... Rb7 $11) 31. Rd7 Na1 (31... Rb7 $14) 32. Nc4 Rb3+ 33. Kd4 Bc6 34. Rxc7 Bxa4 35. Nd6 Rb2 $2 {[#]} (35... Rb8 $1 $14) 36. Ne4 $2 (36. Ke5 $1 $18 {and the rest is easy. Threatens to win with Bf6+.} Rxf2 37. g4) 36... Nc2+ {[#]} 37. Kc3 $1 Rb3+ $2 (37... Rb8 $16) 38. Kd2 $18 {Black must now prevent Bf6+.} Nb4 39. Bf6+ Kh6 40. Nc5 $2 (40. Rxf7 $18 {has better winning chances. Intending g4 and mate.} g5 41. Bxg5+ (41. Nxg5 Kg6 $16) 41... Kh5 42. h3 (42. Rxh7+ Kg6 $18) 42... Rb2+ 43. Ke1 Nd3+ 44. Kf1 Nxf2 45. Bf6 (45. Rxf2 Rxf2+ 46. Kxf2 Bc6 $14) (45. Nxf2 Kxg5 46. Rxh7 Bb5+ 47. Kg1 Rb3 $16) 45... Nxe4 46. Bxb2) 40... Ra3 (40... Nd5 $16) 41. Nxa4 Rxa4 (41... Ra2+ $16 {was called for.} 42. Nb2 Nd5) 42. Rxf7 {aiming for h4. KRB-KRN} Ra2+ 43. Kc3 Nd5+ (43... g5 $142) 44. Kb3 Re2 45. Bd4 Kg5 $2 (45... Kh5 46. Rxh7+ Kg4 47. h3+ Kf3 48. Rf7+ Ke4) 46. h3 h5 47. Bg7 {Accuracy: White = 71%, Black = 48%.} 1-0

[Event "Moscow-ch Men 2020"]
[Site "Moscow"]
[Date "2020.09.15"]
[Round "3.4"]
[White "Uskov, Artem"]
[Black "Teiitbaev, Aktilek"]
[Result "1/2-1/2"]
[WhiteElo "2164"]
[BlackElo "2106"]
[Annotator "TA"]
[PlyCount "64"]
[EventDate "2020.09.15"]
[EventType "swiss"]
[EventCountry "RUS"]
[SourceTitle "playchess.com"]
[Source "ChessBase"]
[SourceQuality "1"]

{[%evp 21,64,27,32,11,12,14,15,-23,-37,-41,-33,-34,-17,-39,-41,-37,-29,-52,-52,-52,-25,-29,-28,-31,-41,-30,-33,-20,0,0,0,0,0,0,0,0,0,0,0,0,0,0,0,0,0]} 1. e4 c5 2. Nf3 d6 3. d4 cxd4 4. Nxd4 Nf6 5. f3 g6 6. c4 Bg7 7. Nc3 Nc6 8. Be3 O-O 9. Qd2 Nxd4 10. Bxd4 Be6 11. Be2 Qa5 12. Rc1 {B38: Sicilian: Maroczy Bind with 5...Bg7 and 7...0-0.} Rfc8 13. b3 a6 {[%cal Ba7a6,Ba6b5,Bb5b4][%mdl 32]} 14. O-O b5 $1 15. cxb5 axb5 16. Rfd1 b4 17. Na4 Nd7 18. Bxg7 Kxg7 {[#]} 19. Rxc8 $146 ({Predecessor:} 19. Qe3 Nf6 20. Bd3 Rab8 21. Rxc8 Rxc8 22. Bb1 Nd7 23. Nb2 {½-½ (44) Schott,R (2237)-Shpakovsky,A (2507) ICCF email 2012}) 19... Rxc8 20. Rc1 Nc5 21. Nxc5 Rxc5 22. Qd4+ $1 f6 23. Rxc5 dxc5 24. Qd2 c4 {[%mdl 64] [#] Decoy. The position is equal.} 25. bxc4 Bxc4 26. Bxc4 {Black must now prevent Qd5.} Qc5+ {[%mdl 64] Double Attack} 27. Kf1 {Qd5 is the strong threat.} Qxc4+ 28. Kf2 Qc5+ 29. Kf1 Qc4+ 30. Kf2 Qc5+ 31. Kf1 Qc4+ 32. Kf2 Qc5+ {Accuracy: White = 93%, Black = 94%.} 1/2-1/2

[Event "Moscow-ch Men 2020"]
[Site "Moscow"]
[Date "2020.09.15"]
[Round "3.5"]
[White "Fedosov, Alexander"]
[Black "Bukreev, Stanislav"]
[Result "0-1"]
[WhiteElo "1324"]
[BlackElo "1468"]
[Annotator "NA RC"]
[PlyCount "56"]
[EventDate "2020.09.15"]
[EventType "swiss"]
[EventCountry "RUS"]
[SourceTitle "playchess.com"]
[Source "ChessBase"]
[SourceQuality "1"]
[TimeControl "5400+30"]

1. d4 {[%emt 0:01:50]} Nf6 {[%emt 0:13:07]} 2. Nf3 {[%emt 0:00:14]} c5 {[%emt 0:00:09]} 3. d5 {[%emt 0:00:22]} e6 {[%emt 0:00:19]} 4. c4 {[%emt 0:00:30]} exd5 {[%emt 0:00:21]} 5. cxd5 {[%emt 0:00:06]} d6 {[%emt 0:00:03]} 6. Nc3 {[%emt 0:02:16]} g6 {[%emt 0:00:10]} 7. e4 {[%emt 0:02:01]} Bg7 {[%emt 0:00:40]} 8. Be2 {[%emt 0:01:53]} O-O {[%emt 0:00:12]} 9. O-O {[%emt 0:00:12]} Re8 {[%emt 0:00:19]} 10. Nd2 {[%emt 0:00:55]} a6 {[%emt 0:01:03]} 11. a4 {[%emt 0:00:06]} b6 {[%emt 0:01:18]} 12. Qc2 {[%emt 0:01:24]} Ra7 {[%emt 0:00:44]} 13. Nc4 {[%emt 0:02:09]} Rae7 {[%emt 0:00:34]} 14. f3 {[%emt 0:00:39]} Bb7 {[%emt 0:00:16]} 15. Ra3 {[%emt 0:01:03]} Nxd5 {[%emt 0:08:33]} 16. exd5 {[%emt 0:04:45]} Bxc3 {[%emt 0:03:08]} 17. Qxc3 {[%emt 0:00:15]} Rxe2 {[%emt 0:00:05]} 18. Ne3 {[%emt 0:06:17]} Qh4 {[%emt 0:02:52]} 19. Ng4 {[%emt 0:04:15]} Nd7 {[%emt 0:03:06]} 20. Nh6+ {[%emt 0:11:02]} Kf8 {[%emt 0:00:24]} 21. Qh8+ {[%emt 0:00:17]} Ke7 {[%emt 0:00:04]} 22. Qxh7 {[%emt 0:00:22]} Qd4+ {[%emt 0:01:07]} 23. Kh1 {[%emt 0:00:41]} Kd8 {[%emt 0:02:08]} 24. Nxf7+ {[%emt 0:02:40]} Kc7 {[%emt 0:00:34]} 25. Bg5 {[%emt 0:03:43]} Qf2 {[%emt 0:00:41]} 26. Rg1 {[%emt 0:03:13]} Re1 {[%emt 0:00:03]} 27. Bd8+ {[%emt 0:02:35]} Kb8 {[%emt 0:00:45]} 28. Bc7+ {[%emt 0:00:47]} Kxc7 {[%emt 1:01:15]} 0-1

[Event "Moscow-ch Men 2020"]
[Site "Moscow"]
[Date "2020.09.15"]
[Round "3.6"]
[White "Pesotskiy, Mikhail"]
[Black "Maslovskiy, Vladimir"]
[Result "0-1"]
[WhiteElo "2245"]
[BlackElo "1767"]
[Annotator "TA"]
[PlyCount "120"]
[EventDate "2020.09.15"]
[EventType "swiss"]
[EventCountry "RUS"]
[SourceTitle "playchess.com"]
[Source "ChessBase"]
[SourceQuality "1"]

{[%evp 14,120,30,20,52,47,59,36,36,38,86,50,105,97,116,60,82,39,50,50,72,72,115,105,118,31,44,41,43,43,70,0,0,6,6,-23,-20,-14,-14,-91,-90,-88,-66,-155,-164,-144,-90,-201,-149,-190,-170,-185,-162,-483,-472,-457,-440,-699,-677,-726,-408,-729,-721,-920,-767,-751,-705,-674,-623,-619,-616,-616,-616,-608,-558,-632,-632,-632,-632,-1441,-1389,-5189,-1370,-1530,-1622,-1522,-1621,-1319,-1052,-6524,-5622,-29947,-29969,-29969,-29969,-29969,-29970,-29970,-29971,-29972,-29973,-29967,-29969,-29968,-29970,-29986,-29987,-29987,-29988]} 1. d4 f5 2. c4 Nf6 3. Nf3 g6 4. g3 Bg7 5. Bg2 O-O 6. O-O d6 7. Nc3 c6 $1 {[%mdl 4] is more profitable than 7...Qe8 at the moment. Played by Hikaru Nakamura in June 2020.} 8. Qb3 a5 {[#] A88: Dutch Defence: Leningrad System: 5 Nf3 0-0 6 0-0 d6 7 Nc3 c6.} 9. Rd1 $146 ({Predecessor:} 9. Bd2 Ne4 10. Bf4 h6 11. c5+ Kh7 12. cxd6 exd6 13. h4 Qe7 14. Qa3 Rd8 15. Be5 {0-1 (44) Papagorasz,T (2167)-Schmikli,L (2246) Hungary 2013}) 9... Na6 10. c5+ Kh8 $1 {White is slightly better.} 11. Ng5 d5 12. Nf3 Ne4 (12... Nd7 $14) 13. Bf4 $36 {[%mdl 2048] Keeping Black busy.} Nc7 14. Qb6 (14. Be5 $16) 14... Ne6 $14 15. Qxd8 Rxd8 16. Be5 g5 17. Na4 g4 18. Bxg7+ Kxg7 19. Ne1 ({White should try} 19. Nh4 $1 $16) 19... h5 20. Nb6 Rb8 21. e3 N6g5 22. Nd3 (22. Rac1 $14) 22... Be6 $11 23. Nf4 Rh8 24. Kf1 Kf6 25. Ke2 h4 26. Rd3 (26. Rg1 $11 {remains equal.}) 26... hxg3 $17 27. hxg3 Rh2 {White must now prevent ...Nh3.} 28. Rh1 (28. Rdd1 $15) 28... Rxh1 $1 29. Bxh1 {[#]} Rh8 $1 {[%cal Rh8h1]} 30. Rd1 (30. Bxe4 $17 {was called for.} Nxe4 31. Ng2) 30... Rh2 $19 31. Bg2 {[#]} Nh3 $1 {[%cal Rh3f4] And now ...Nxf4+ would win.} 32. Bxe4 dxe4 33. Nxh3 $2 (33. Rf1) 33... gxh3 {[%mdl 4096] Endgame KRB-KRN} 34. Rg1 a4 35. Ke1 (35. Rf1 $142 Kg5 36. Ra1) 35... Kg5 36. Nxa4 Bc4 {...Rg2 is the strong threat.} 37. b3 (37. Nb6 $142 Bxa2 38. b4) 37... Ba6 38. Nc3 Kg4 39. Ne2 Kf3 40. g4 Rg2 41. Rxg2 hxg2 {KB-KN} 42. Ng1+ Kxg4 43. b4 f4 44. Kd2 Bc4 45. a4 Bb3 46. a5 Bc4 47. Kc3 Ba6 (47... fxe3 $142 48. fxe3 Bb5) 48. Kd2 Bb5 49. exf4 Kxf4 50. Ke1 e3 51. fxe3+ Kxe3 52. Nh3 e6 {Black mates.} 53. Ng1 Ba6 54. Nh3 Bf1 55. Ng1 Kxd4 56. Kf2 Kc4 57. Nf3 Kxb4 58. Nd4 e5 59. Nxc6+ bxc6 60. a6 Bxa6 {Accuracy: White = 43%, Black = 77%.} 0-1

[Event "Moscow-ch Men 2020"]
[Site "Moscow"]
[Date "2020.09.15"]
[Round "3.7"]
[White "Tunik, Sergey"]
[Black "Usov, Aleksandr E."]
[Result "1-0"]
[WhiteElo "2160"]
[BlackElo "2069"]
[Annotator "TA"]
[PlyCount "79"]
[EventDate "2020.09.15"]
[EventType "swiss"]
[EventCountry "RUS"]
[SourceTitle "playchess.com"]
[Source "ChessBase"]
[SourceQuality "1"]

{[%evp 9,79,0,4,-30,16,-9,0,-19,-9,-7,10,12,23,16,32,15,49,37,53,62,118,0,0,-4,121,120,123,116,150,161,168,154,178,137,539,155,158,21,17,0,0,0,625,646,646,600,644,594,643,639,639,622,628,628,614,597,685,685,781,757,871,835,29987,29988,29986,751,29990,29991,29995,29996,29998,29999]} 1. a3 e5 2. c4 Nf6 3. d3 d5 4. cxd5 Nxd5 5. Nf3 Bd6 6. Nbd2 {[#] A20: English Opening: 1...e5.} Qe7 $146 ({Predecessor:} 6... O-O 7. Qc2 Nc6 8. e3 Bg4 9. Be2 Qf6 10. h3 Be6 11. g4 Qe7 12. b4 a5 {1-0 (38) Moroder,S (2209)-Matejovsky,O (1990) Pardubice 2016}) 7. Nc4 O-O 8. Nxd6 {The position is equal.} cxd6 9. g3 b6 10. Bg2 Bb7 11. O-O Nd7 12. e4 Nc7 13. Nh4 g6 $1 14. Bh6 Rfe8 (14... Rfb8 $14) 15. f4 ({White must play} 15. Nf5 $1 $16 {[%cal Rf5e7]} Qf6 16. Qg4) 15... exf4 $1 $11 16. Rxf4 {aiming for Nf5!} d5 (16... Ne6 $11 17. Rf2 Rac8) 17. Nf5 $1 $16 {[%cal Rf5e7]} Qf6 18. Bg7 Qe6 19. Bh3 gxf5 20. Bxf5 Kxg7 21. Qg4+ Kh8 $2 {[%mdl 8192] [#]} (21... Kf8 $16 {is more resistant.}) 22. Bxe6 $2 (22. Qh4 $1 $18 {[%csl Gf5][%cal Rh4h7][%mdl 512] is the precise move to win.} Qxf5 23. Rxf5) 22... Nxe6 23. Rf5 ({Don't take} 23. Rxf7 $6 Ne5 $14) (23. Qf5 $1 $16 {Rh4! is the strong threat.} Re7 24. Rh4) 23... dxe4 $11 24. Raf1 $36 {[%mdl 2048] White has good play.} f6 $1 25. Rxf6 Ne5 $2 {[%mdl 8192] Black is on the road to losing.} (25... Nxf6 $11 26. Rxf6 Bd5 27. dxe4 Ba2) 26. Qh5 $18 Nf3+ {[#]} 27. R1xf3 $1 {[%mdl 512] White threatens Rf7! and mate.} exf3 {[#]} 28. Rf7 $1 {[%csl Gf7,LRb7,LRh7][%cal Rh5h7][%mdl 576] Double Attack} Ng7 {[#] ( -> ...Re1+)} 29. Qh6 $1 {[%csl Gf7][%cal Rh6g7][%mdl 512]} Re1+ {[#]} 30. Kf2 $1 {[%csl Gf7][%cal Rh6g7][%mdl 512]} Re2+ {[#]} 31. Kf1 $1 {[%csl Gf7][%cal Rh6g7][%mdl 512]} Rg8 {And now ...Bd5 would win.} 32. Rxb7 Rxb2 33. Rxa7 Rb5 34. g4 {Black must now prevent g5.} Rb1+ 35. Kf2 {Hoping for g5.} Rd1 36. Rd7 Rb1 37. Rf7 (37. g5 $142 Rb2+ 38. Kxf3 Rd2 39. g6 {[%mdl 64] Discovered Attack} Rf8+ {[#]} 40. Ke4 $1 {[%mdl 512]} Re2+ 41. Kd5 $1 {[%mdl 512]} Rf5+ 42. Kc4 $1 {[%mdl 512]}) 37... Rb5 38. g5 {White mates.} Re5 39. g6 {[%csl Gg6][%cal Rh6h7]} Rh5 {[#]} 40. Qxh5 $1 {[%mdl 512] Accuracy: White = 78%, Black = 58%.} 1-0

[Event "Moscow-ch Men 2020"]
[Site "Moscow"]
[Date "2020.09.17"]
[Round "5.1"]
[White "Maslovskiy, Vladimir"]
[Black "Antipov, Mikhail Al."]
[Result "1/2-1/2"]
[WhiteElo "1767"]
[BlackElo "2584"]
[Annotator "ChessBase"]
[PlyCount "74"]
[EventDate "2020.09.15"]
[EventType "swiss"]
[EventCountry "RUS"]
[TimeControl "5400+30"]

1. e4 {[%emt 0:00:00]} e5 {[%emt 0:00:00]} 2. Nf3 {[%emt 0:00:00]} Nc6 {[%emt 0:00:00]} 3. d4 {[%emt 0:00:00]} exd4 {[%emt 0:00:00]} 4. Bc4 {[%emt 0:00:00]} Bc5 {[%emt 0:02:36]} 5. c3 {[%emt 0:00:00]} Nf6 {[%emt 0:00:14]} 6. cxd4 {[%emt 0:00:00]} Bb4+ {[%emt 0:00:06]} 7. Bd2 {[%emt 0:00:04]} Nxe4 {[%emt 0:05:15]} 8. Bxb4 {[%emt 0:27:07]} Nxb4 {[%emt 0:00:06]} 9. Bxf7+ {[%emt 0:00:24]} Kxf7 {[%emt 0:00:05]} 10. Qb3+ {[%emt 0:00:07]} d5 {[%emt 0:00:05]} 11. Qxb4 {[%emt 0:00:05]} Rf8 {[%emt 0:07:10]} 12. O-O {[%emt 0:00:53]} Kg8 {[%emt 0:00:04]} 13. Qb3 {[%emt 0:06:44]} Bg4 {[%emt 0:24:56]} 14. Nbd2 {[%emt 0:01:10]} Bxf3 {[%emt 0:00:16]} 15. Nxf3 {[%emt 0:00:06]} Qd6 {[%emt 0:00:05]} 16. Rfe1 {[%emt 0:01:02]} Rae8 {[%emt 0:07:21]} 17. Re2 {[%emt 0:00:58]} Ng5 {[%emt 0:10:52]} 18. Ne5 {[%emt 0:00:39]} Ne6 {[%emt 0:02:51]} 19. Rd1 {[%emt 0:04:39]} b6 {[%emt 0:05:03]} 20. Qc3 {[%emt 0:01:20]} c5 {[%emt 0:01:36]} 21. dxc5 {[%emt 0:03:38]} bxc5 {[%emt 0:03:48]} 22. Nf3 {[%emt 0:06:36]} Nf4 {[%emt 0:04:40]} 23. Rxe8 {[%emt 0:01:43]} Rxe8 {[%emt 0:00:01]} 24. Qb3 {[%emt 0:05:27]} Qg6 {[%emt 0:15:09]} 25. g3 {[%emt 0:01:20]} c4 {[%emt 0:00:08]} 26. Qb5 {[%emt 0:01:40]} Rf8 {[%emt 0:00:26]} 27. Qd7 {[%emt 0:09:52]} h6 {[%emt 0:07:40]} 28. Nh4 {[%emt 0:02:36]} Qc2 {[%emt 0:00:46]} 29. Rf1 {[%emt 0:00:23]} Ne2+ {[%emt 0:00:21]} 30. Kg2 {[%emt 0:00:09]} d4 {[%emt 0:00:40]} 31. Qe6+ {[%emt 0:03:06]} Kh7 {[%emt 0:00:05]} 32. Qe7 {[%emt 0:01:05]} Rf6 {[%emt 0:02:17]} 33. Re1 {[%emt 0:00:20]} d3 {[%emt 0:01:16]} 34. Qe4+ {[%emt 0:01:37]} Kg8 {[%emt 0:00:05]} 35. Qe8+ {[%emt 0:00:25]} Kh7 {[%emt 0:00:04]} 36. Qe4+ {[%emt 0:00:04]} Kg8 {[%emt 0:00:03]} 37. Qe8+ {[%emt 0:00:05]} Kh7 {[%emt 0:00:03]} 1/2-1/2

[Event "Moscow-ch Men 2020"]
[Site "Moscow"]
[Date "2020.09.17"]
[Round "5.2"]
[White "Stukan, Martin"]
[Black "Galaktionov, Artem"]
[Result "1/2-1/2"]
[WhiteElo "2325"]
[BlackElo "2319"]
[Annotator "ChessBase"]
[PlyCount "99"]
[EventDate "2020.09.15"]
[EventType "swiss"]
[EventCountry "RUS"]
[TimeControl "5400+30"]

1. e4 {[%emt 0:00:00]} c6 {[%emt 0:12:30]} 2. d4 {[%emt 0:00:00]} d5 {[%emt 0:00:03]} 3. Nc3 {[%emt 0:00:00]} dxe4 {[%emt 0:05:50]} 4. Nxe4 {[%emt 0:00:00]} g6 {[%emt 0:01:02]} 5. Nf3 {[%emt 0:06:27]} Bg7 {[%emt 0:00:30]} 6. Bc4 {[%emt 0:00:50]} Nh6 {[%emt 0:01:01]} 7. h4 {[%emt 0:05:45]} Nd7 {[%emt 0:06:44]} 8. Bg5 {[%emt 0:17:25]} Nb6 {[%emt 0:00:21]} 9. Bb3 {[%emt 0:00:04]} f6 {[%emt 0:13:16]} 10. Bd2 {[%emt 0:05:29]} Nd5 {[%emt 0:01:45]} 11. Qe2 {[%emt 0:23:05]} O-O {[%emt 0:21:13]} 12. Nc5 {[%emt 0:02:11]} Qd6 {[%emt 0:00:19]} 13. c4 {[%emt 0:14:05]} Nf4 {[%emt 0:00:32]} 14. Bxf4 {[%emt 0:11:33]} Qxf4 {[%emt 0:00:10]} 15. Ne6 {[%emt 0:00:14]} Bxe6 {[%emt 0:00:13]} 16. Qxe6+ {[%emt 0:00:01]} Kh8 {[%emt 0:00:06]} 17. O-O {[%emt 0:00:04]} Nf5 {[%emt 0:05:37]} 18. Rfe1 {[%emt 0:00:12]} Nxd4 {[%emt 0:02:48]} 19. Nxd4 {[%emt 0:00:04]} Qxd4 {[%emt 0:00:03]} 20. Qxe7 {[%emt 0:00:37]} Qxh4 {[%emt 0:03:24]} 21. Rad1 {[%emt 0:01:16]} c5 {[%emt 0:06:05]} 22. Rd7 {[%emt 0:01:38]} Qh6 {[%emt 0:05:01]} 23. Qxc5 {[%emt 0:03:06]} b6 {[%emt 0:00:30]} 24. Qe7 {[%emt 0:02:55]} f5 {[%emt 0:00:39]} 25. Re3 {[%emt 0:00:38]} Bf6 {[%emt 0:00:06]} 26. Qd6 {[%emt 0:01:31]} Rad8 {[%emt 0:02:34]} 27. Rxd8 {[%emt 0:01:02]} Bxd8 {[%emt 0:00:06]} 28. Ba4 {[%emt 0:02:37]} Qg7 {[%emt 0:03:31]} 29. Re2 {[%emt 0:00:34]} Bf6 {[%emt 0:01:12]} 30. b3 {[%emt 0:00:08]} Rd8 {[%emt 0:00:16]} 31. Re8+ {[%emt 0:00:03]} Rxe8 {[%emt 0:00:03]} 32. Bxe8 {[%emt 0:00:04]} Be7 {[%emt 0:00:42]} 33. Qe6 {[%emt 0:00:47]} Bc5 {[%emt 0:00:29]} 34. g3 {[%emt 0:01:11]} Qb2 {[%emt 0:00:30]} 35. Qe1 {[%emt 0:00:02]} Kg7 {[%emt 0:00:40]} 36. Bc6 {[%emt 0:00:08]} Kf6 {[%emt 0:01:40]} 37. Bd5 {[%emt 0:01:03]} a5 {[%emt 0:00:39]} 38. Bc6 {[%emt 0:01:36]} h5 {[%emt 0:03:37]} 39. Kf1 {[%emt 0:00:11]} Qd4 {[%emt 0:01:26]} 40. Bd5 {[%emt 0:00:32]} h4 {[%emt 0:00:44]} 41. gxh4 {[%emt 0:00:30]} Qxh4 {[%emt 0:00:08]} 42. Qd2 {[%emt 0:00:40]} g5 {[%emt 0:00:26]} 43. Bg2 {[%emt 0:00:05]} Kg6 {[%emt 0:00:18]} 44. Qe2 {[%emt 0:00:11]} g4 {[%emt 0:00:50]} 45. Qe6+ {[%emt 0:00:21]} Qf6 {[%emt 0:01:11]} 46. Bd5 {[%emt 0:01:03]} Kg5 {[%emt 0:00:11]} 47. Qxf6+ {[%emt 0:00:17]} Kxf6 {[%emt 0:00:01]} 48. a4 {[%emt 0:00:21]} Ke5 {[%emt 0:00:25]} 49. f3 {[%emt 0:00:13]} g3 {[%emt 0:00:27]} 50. Bc6 {[%emt 0:00:10]} 1/2-1/2

[Event "Moscow-ch Men 2020"]
[Site "Moscow"]
[Date "2020.09.17"]
[Round "5.3"]
[White "Gubajdullin, Alexei"]
[Black "Rostovtsev, Dmitry"]
[Result "0-1"]
[WhiteElo "2344"]
[BlackElo "1737"]
[Annotator "ChessBase"]
[PlyCount "82"]
[EventDate "2020.09.15"]
[EventType "swiss"]
[EventCountry "RUS"]
[TimeControl "5400+30"]

1. d4 {[%emt 0:00:00]} Nf6 {[%emt 0:02:36]} 2. Bf4 {[%emt 0:00:00]} c5 {[%emt 0:02:53]} 3. e3 {[%emt 0:02:07]} Qb6 {[%emt 0:00:29]} 4. b3 {[%emt 0:03:29]} g6 {[%emt 0:00:21]} 5. Nf3 {[%emt 0:03:14]} Bg7 {[%emt 0:00:39]} 6. Be2 {[%emt 0:00:15]} O-O {[%emt 0:00:29]} 7. O-O {[%emt 0:00:53]} Nc6 {[%emt 0:01:54]} 8. Nc3 {[%emt 0:05:18]} d6 {[%emt 0:03:26]} 9. d5 {[%emt 0:16:12]} Qa5 {[%emt 0:02:42]} 10. Na4 {[%emt 0:02:14]} Nb4 {[%emt 0:00:46]} 11. c4 {[%emt 0:00:21]} b5 {[%emt 0:02:34]} 12. cxb5 {[%emt 0:03:03]} Nbxd5 {[%emt 0:01:38]} 13. Nd2 {[%emt 0:04:09]} Nxf4 {[%emt 0:03:06]} 14. exf4 {[%emt 0:00:02]} Bb7 {[%emt 0:02:03]} 15. Nc4 {[%emt 0:01:07]} Qc7 {[%emt 0:00:33]} 16. Rc1 {[%emt 0:04:32]} Nd7 {[%emt 0:03:40]} 17. Bf3 {[%emt 0:01:55]} Rab8 {[%emt 0:01:04]} 18. Re1 {[%emt 0:04:07]} Rfe8 {[%emt 0:00:06]} 19. Bxb7 {[%emt 0:03:38]} Qxb7 {[%emt 0:00:10]} 20. Nc3 {[%emt 0:00:37]} Bxc3 {[%emt 0:02:25]} 21. Rxc3 {[%emt 0:00:13]} Qxb5 {[%emt 0:00:22]} 22. Rce3 {[%emt 0:01:51]} Nb6 {[%emt 0:02:08]} 23. Nxb6 {[%emt 0:08:00]} axb6 {[%emt 0:00:28]} 24. f5 {[%emt 0:06:03]} Qd7 {[%emt 0:00:51]} 25. Rf3 {[%emt 0:05:12]} e5 {[%emt 0:15:32]} 26. f6 {[%emt 0:11:25]} e4 {[%emt 0:00:20]} 27. Rf4 {[%emt 0:00:08]} d5 {[%emt 0:00:43]} 28. Qd2 {[%emt 0:03:20]} Qe6 {[%emt 0:01:12]} 29. Qe3 {[%emt 0:04:24]} Qe5 {[%emt 0:01:49]} 30. f3 {[%emt 0:01:33]} Re6 {[%emt 0:03:48]} 31. fxe4 {[%emt 0:00:13]} Rbe8 {[%emt 0:00:04]} 32. Ref1 {[%emt 0:01:30]} dxe4 {[%emt 0:00:46]} 33. Kh1 {[%emt 0:01:29]} Rd8 {[%emt 0:01:22]} 34. h3 {[%emt 0:02:43]} Rd3 {[%emt 0:01:22]} 35. Qe2 {[%emt 0:00:18]} Qd5 {[%emt 0:01:29]} 36. Qg4 {[%emt 0:01:50]} e3 {[%emt 0:00:39]} 37. Re1 {[%emt 0:00:17]} Rd2 {[%emt 0:01:20]} 38. Rf3 {[%emt 0:00:40]} Rd1 {[%emt 0:00:43]} 39. Rxd1 {[%emt 0:00:23]} Qxd1+ {[%emt 0:00:06]} 40. Kh2 {[%emt 0:00:03]} Qd6+ {[%emt 0:00:20]} 41. Rg3 {[%emt 0:01:08]} e2 {[%emt 0:00:15]} 0-1

[Event "Moscow-ch Men 2020"]
[Site "Moscow"]
[Date "2020.09.17"]
[Round "5.4"]
[White "Fedosov, Alexander"]
[Black "Apryshko, Gleb"]
[Result "0-1"]
[WhiteElo "1324"]
[BlackElo "2388"]
[Annotator "TA"]
[PlyCount "70"]
[EventDate "2020.09.15"]
[EventType "swiss"]
[EventCountry "RUS"]
[SourceTitle "playchess.com"]
[Source "ChessBase"]
[SourceQuality "1"]

{[%evp 9,70,40,45,5,0,-53,-70,-136,-139,-136,-107,-247,-254,-270,-267,-270,-278,-283,-246,-404,-231,-228,-202,-205,-220,-207,-208,-197,-188,-202,-194,-277,-264,-324,-302,-294,-284,-281,-229,-344,-352,-377,-366,-371,-376,-402,-399,-422,-432,-581,-578,-641,-619,-584,-501,-572,-552,-698,-683,-768,-755,-796,-780]} 1. d4 e6 2. Nf3 Ne7 3. c4 g6 4. h4 h6 5. e4 Bg7 {[#]} 6. h5 $146 {A40: Unusual replies to 1 d4.} ({Predecessor:} 6. Nc3 d5 7. Bd3 dxe4 8. Bxe4 O-O 9. Bf4 Nbc6 10. Ne2 f5 11. Bxc6 Nxc6 12. Qd2 {1-0 (44) Rausis,I (2484)-Fries Nielsen,J (2430) Hamburg 2011}) 6... g5 $1 7. e5 ({White should try} 7. d5 $11) 7... d6 $15 8. Bd3 (8. exd6 $15 Qxd6 9. Nc3) 8... dxe5 $17 9. dxe5 Nd7 {[%cal Bb8d7,Bd7e5,Be5d3][%mdl 32]} 10. Qe2 {Loses the game.} (10. Bc2 $17) 10... g4 $19 11. Nh2 Nxe5 12. Bc2 N7c6 13. O-O Nd4 14. Qe4 $2 (14. Qd1) 14... Nxc2 (14... g3 $142 15. fxg3 f5 16. Ba4+ b5 17. Qxa8 Ne2+ 18. Kh1 (18. Kf2 $2 Nxc1 19. Rd1 Ncd3+ {[%mdl 64] Double Attack} 20. Ke2 bxa4 $19) 18... Nxg3+ {[%mdl 64] Double Attack} 19. Kg1 Qd4+ 20. Rf2 Ne4 {[%mdl 64] Pin} 21. Qxc8+ {[%mdl 64] [#] Double Attack} Kf7 $1 {[%mdl 512]} 22. Qxc7+ Kg8 $1 {[%mdl 512]}) 15. Qxc2 Qd3 16. Qxd3 Nxd3 17. Nc3 Bxc3 18. bxc3 Nxc1 19. Raxc1 Rg8 20. g3 (20. f3 {is a better defense.}) 20... b6 21. c5 Rg5 ({Don't do} 21... bxc5 22. Rb1 $19) 22. c6 e5 23. Rfe1 Be6 ({Don't play} 23... Rxh5 24. Re4 $19) 24. a4 (24. f3 {was worth a try.}) 24... Rd8 ({Don't take} 24... Rxh5 25. Re4 $19) 25. a5 Rd6 26. axb6 axb6 27. Ra1 Rxc6 28. Ra8+ Ke7 {Black is clearly winning.} 29. Re4 Rxc3 30. Re1 Rxh5 31. Ra4 Rg5 32. Rae4 f6 33. R4e3 Rxe3 34. Rxe3 Rg8 35. Rc3 c5 {Accuracy: White = 36%, Black = 81%.} 0-1